\

Social problems : (Record no. 18129)

MARC details
000 -LEADER
fixed length control field 00818cam a2200253 a 4500
001 - CONTROL NUMBER
control field a4080
003 - CONTROL NUMBER IDENTIFIER
control field SIRSI
008 - FIXED-LENGTH DATA ELEMENTS--GENERAL INFORMATION
fixed length control field 100520s2011 cauab b 001 0 eng
010 ## - LIBRARY OF CONGRESS CONTROL NUMBER
LC control number 2010021202
020 ## - INTERNATIONAL STANDARD BOOK NUMBER
International Standard Book Number 9781412988056 (pbk.)
020 ## - INTERNATIONAL STANDARD BOOK NUMBER
International Standard Book Number 1412988055 (pbk.)
035 ## - SYSTEM CONTROL NUMBER
System control number (Sirsi) i9781412988056
050 00 - LIBRARY OF CONGRESS CALL NUMBER
Classification number HN59.2
Item number .L46 2011
082 00 - DEWEY DECIMAL CLASSIFICATION NUMBER
Classification number 361.10973
Edition information 22
100 1# - MAIN ENTRY--PERSONAL NAME
Personal name Leon-Guerrero, Anna.
245 10 - TITLE STATEMENT
Title Social problems :
Remainder of title community, policy, and social action /
Statement of responsibility, etc. Anna Leon-Guerrero.
250 ## - EDITION STATEMENT
Edition statement 3rd ed.
260 ## - PUBLICATION, DISTRIBUTION, ETC.
Place of publication, distribution, etc. Thousand Oaks, Calif. :
Name of publisher, distributor, etc. Pine Forge Press,
Date of publication, distribution, etc. c2011.
300 ## - PHYSICAL DESCRIPTION
Extent xxiii, 524 p. :
Other physical details ill. (some col.), col. maps ;
Dimensions 26 cm.
504 ## - BIBLIOGRAPHY, ETC. NOTE
Bibliography, etc. note Includes bibliographical references and index.
650 #0 - SUBJECT ADDED ENTRY--TOPICAL TERM
Topical term or geographic name entry element Social problems
Geographic subdivision United States.
650 #0 - SUBJECT ADDED ENTRY--TOPICAL TERM
Topical term or geographic name entry element Social problems.
650 #0 - SUBJECT ADDED ENTRY--TOPICAL TERM
Topical term or geographic name entry element Critical thinking.
Holdings
Withdrawn status Lost status Source of classification or shelving scheme Damaged status Not for loan Collection Home library Current library Shelving location Total checkouts Full call number Barcode Date last seen Copy number Price effective from Koha item type
    Library of Congress Classification     AUE Library Collection MAIN MAIN General   HN59.2 .L46 2011 10033371 03/11/2021 1 11/19/2019 Books